000 00546nam a2200193 i 4500
001 142697
003 ES-MaACL
005 20250804054031.0
007 t|
008 071009s1965 sp ||||1| spa d
100 1 _aVieira, Manuel.
_9114568
245 1 0 _aCaminos para la alegría /
_cManuel Vieira.
260 _aBilbao :
_bEl Mensajero del Corazón de Jesús,
_c1965.
300 _a135 p. ;
_c19 cm.
650 1 7 _aVida cristiana
_2embne
_917790
852 _aES-MaACL
_jD-9317
_bR.58413
942 _2udc
999 _c142697
_d142697